000 03055nam0a2200397 4500
001 RU\NLR\BIBL_A\022244054
005 20240722100821.0
010 _a978-5-6051722-0-8
_9100
021 _aRU
_bКН-П-24-023936
_9КН-П-24-2472
035 _a(NLR Aleph) 022244054
090 _a13169191
_c13169191
100 _a20240605d2024 u y0rusy50 ca
101 0 _arus
102 _aRU
105 _aa j 000yy
181 0 _ai3
_baxxe
182 0 _an
200 1 _aИнтенсивная терапия дыхательной недостаточности у пациентов с позвоночно-спинномозговой травмой шейного отдела
_eучебное пособие
_eдля врачей анестезиологов-реаниматоров, травматологов-ортопедов, нейрохирургов, аспирантов и ординаторов
_fЛебедева Майя Николаевна - доктор медицинских наук, Первухин Сергей Александрович - кандидат медицинских наук, Стаценко Иван Анатольевич - врач анестезиолог-реаниматор, Пальмаш Алексей Викторович - врач анестезиолог-реаниматор
_gФедеральное государственное бюджетное учреждение "Новосибирский научно-исследовательский институт травматологии и ортопедии им. Я. Л. Цивьяна" Министерства здравоохранения Российской Федерации
203 _aТекст
_bвизуальный
_cнепосредственный
210 _aНовосибирск
_cННИИТО им. Я. Л. Цивьяна
_d2024
215 _a43 с.
_cил., цв. ил.
_d21
300 _aАвт. указаны на обороте тит. с. и обл.
320 _aБиблиогр.: с. 38-39 (17 назв.)
606 1 _aДыхательная недостаточность при травмах шейного отдела позвоночника
_xИнтенсивная терапия
_jУчебные издания
_2nlr_sh2
_3RU\NLR\AUTH\6601742700
686 1 _aР412-5,392я77
686 1 _aР458.192.5-7я77
701 1 _aЛебедева
_bМ. Н.
_cд-р мед. наук, анестезиология и реаниматология
_gМайя Николаевна
_3RU\NLR\AUTH\7748545
701 1 _aПервухин
_bС. А.
_gСергей Александрович
701 1 _aСтаценко
_bИ. А.
_gИван Анатольевич
701 1 _aПальмаш
_bА. В.
_gАлексей Викторович
712 0 2 _aНовосибирский НИИ травматологии и ортопедии им. Я. Л. Цивьяна
_3RU\NLR\AUTH\889964359
_4475
942 _cBOOK
980 _aNB